Πολιτική Οικονομία των Χρηματιστηριακών Αγορών / Και Εναλλακτικές Στρατηγικές (Record no. 6441)
[ view plain ]
| 000 -LEADER | |
|---|---|
| fixed length control field | 01975cam a22002054a 4500 |
| 005 - ΗΜΕΡΟΜΗΝΙΑ ΚΑΙ ΩΡΑ ΤΕΛΕΥΤΑΙΑΣ ΕΝΗΜΕΡΩΣΗΣ | |
| Πεδίο ελέγχου | 20250605164242.0 |
| 008 - FIXED-LENGTH DATA ELEMENTS--GENERAL INFORMATION | |
| Πεδίο ελέγχου σταθερού μήκους | 250528s ||||||||||||||||||||||||d |
| 035 ## - SYSTEM CONTROL NUMBER | |
| System control number | 21378 |
| 020 ## - ISBN | |
| ISBN | 9789600342826 |
| 040 ## - ΠΗΓΗ ΚΑΤΑΛΟΓΟΓΡΑΦΗΣΗΣ | |
| Φορέας πρωτότυπης καταλογογράφησης | MC Athens Campus Library |
| Γλώσσα καταλογογράφησης | Ελληνικά, Μοντέρνα (1453-) |
| Modifying agency | MC Athens Campus Library |
| Κανόνες περιγραφικής καταλογογράφησης | AACR2 |
| 245 1# - ΤΙΤΛΟΣ ΚΑΙ ΔΗΛΩΣΗ ΥΠΕΥΘΥΝΟΤΗΤΑΣ | |
| Τίτλος | Πολιτική Οικονομία των Χρηματιστηριακών Αγορών / Και Εναλλακτικές Στρατηγικές |
| 250 ## - EDITION STATEMENT | |
| Edition statement | 1η |
| 260 ## - PUBLICATION, DISTRIBUTION, ETC. | |
| Name of publisher, distributor, etc. | Καστανιώτη, |
| Date of publication, distribution, etc. | 2006 |
| 300 ## - PHYSICAL DESCRIPTION | |
| Extent | 400 |
| 520 ## - SUMMARY, ETC. | |
| Summary, etc. | Εισαγωγή στον κόσμο των Χρηματιστηριακών Αγορών. Εισαγωγή, Από τη Χρηματοδότηση των Επενδύσεων στις Χρηματοοικονομικές Επενδύσεις: Το Πανόραμα των Χρηματιστηριακών Αγορών, Οι Ισχυροί Πίσω από τις Αγορές: Οι Στρατηγικές των Χρηματοοικονομικών Ομίλων, Από τη Μεταρρύθμιση στην Αντιμεταρρύθμιση - Η ''Απελευθέρωση'' των Χρηματιστηριακών Αγορών, Περισσότερες Ανισότητες και Μεγαλύτερη Ανασφάλεια και Νέες Κρίσεις - Το Κόστος των Αχαλίνωτων Χρηματιστηριακών Αγορών, Διαχείριση Κρίσεων και Περιορισμοί και Εκδημοκρατισμός - Ο Δρόμος για τη Μεταρρύθμιση των Χρηματιστηριακών Αγορών, Οι Ευρωπαϊκές Πρωτοβουλίες για τη Μεταρρύθμιση - Ο Θεμέλιος Λίθος της Νέας Χρηματοοικονομικής Αρχιτεκτονικής, Ευρετήριο Πινάκων και Διαγραμμάτων και Ένθετων. |
| 700 1# - ΠΡΟΣΘΕΤΗ ΑΝΑΓΡΑΦΗ--ΦΥΣΙΚΟ ΠΡΟΣΩΠΟ | |
| Personal name | Χούφσμιντ Γιοργκ |
| 9 (RLIN) | 7425 |
| 942 ## - ADDED ENTRY ELEMENTS (KOHA) | |
| Koha item type | Books |
| Τύπος τεκμηρίου | Βιβλιοθήκη | Τρέχουσα τοποθεσία | Barcode | Αριθμός εισαγωγής | Ημερομηνία απόκτησης | Ταξιθετικό σύμβολο | Αριθμός αντιτύπου | Κατάσταση απόσυρσης | Κατάσταση χαμένου | Κατάσταση κατεστραμμένου | Μη δανεισμός | Σύνολο δανεισμών | Ημερομηνία τελευταίας εμφάνισης | Η τιμή ισχύει από |
|---|---|---|---|---|---|---|---|---|---|---|---|---|---|---|
| Books | MC Athens Campus Library | MC Athens Campus Library | 9780000064400 | 5699 | 05/06/2025 | 332.642 HUF | 1 | 05/06/2025 | 05/06/2025 |